Estadísticas para Lenguajes de la ONU

Haz click aquí para tomar la prueba!

Estadísticas generales

  • Esta prueba ha sido tomada 1,934 veces
  • La puntuación promedio es 5 de 6

Estadísticas de respuestas

Lenguaje % Correcto
Inglés
100%
Español
99%
Francés
97%
Chino
94%
Ruso
81%
Árabe
75%

Distribución de puntuación

Porcentaje por número respondido

Porcentaje de gente con cada puntuación

Historial de tus puntuaciones

No has tomado esta prueba